<?xml version="1.0" encoding="UTF-8"?>
<record
    xmlns:xsi="http://www.w3.org/2001/XMLSchema-instance"
    xsi:schemaLocation="http://www.loc.gov/MARC21/slim http://www.loc.gov/standards/marcxml/schema/MARC21slim.xsd"
    xmlns="http://www.loc.gov/MARC21/slim">

  <leader>02274nmm a22002537a 4500</leader>
  <controlfield tag="001">045008</controlfield>
  <controlfield tag="003">UAHC_CL</controlfield>
  <controlfield tag="005">20260504164016.0</controlfield>
  <controlfield tag="008">260504s2024    cl      o  d  000   spa  </controlfield>
  <datafield tag="040" ind1=" " ind2=" ">
    <subfield code="a">UAHC_CL</subfield>
    <subfield code="c">UAHC_CL</subfield>
    <subfield code="d">UAHC_CL</subfield>
  </datafield>
  <datafield tag="100" ind1=" " ind2=" ">
    <subfield code="a">Alfaro Rodriguez, Loreto</subfield>
    <subfield code="9">23421</subfield>
  </datafield>
  <datafield tag="245" ind1="1" ind2="0">
    <subfield code="a">Identidad cultural de la discapacidad y desarrollo de p&#xFA;blicos en las artes. Una mirada a la trayectoria en la participaci&#xF3;n cultural de las personas con s&#xED;ndrome x fr&#xE1;gil y las cuidadoras part&#xED;cipes de las funciones distendidas de GAM en 2018.</subfield>
    <subfield code="c">Loreto Alfaro ; profesora gu&#xED;a Javiera Cienfuegos.</subfield>
  </datafield>
  <datafield tag="260" ind1=" " ind2=" ">
    <subfield code="a">Santiago, Chile :</subfield>
    <subfield code="b">Universidad Academia de Humanismo Cristiano,</subfield>
    <subfield code="c">2024.</subfield>
  </datafield>
  <datafield tag="300" ind1=" " ind2=" ">
    <subfield code="a">41 p&#xE1;ginas.</subfield>
  </datafield>
  <datafield tag="500" ind1=" " ind2=" ">
    <subfield code="a">Tesis para optar al grado de Mag&#xED;ster en Antropolog&#xED;a.</subfield>
  </datafield>
  <datafield tag="502" ind1=" " ind2=" ">
    <subfield code="a">Tesis (Mag&#xED;ster en Antropolog&#xED;a) -- Universidad Academia de Humanismo Cristiano, 2024.</subfield>
  </datafield>
  <datafield tag="516" ind1=" " ind2=" ">
    <subfield code="a">Tesis electr&#xF3;nica (PDF). Solicitar env&#xED;o de documento a biblioteca@academia.cl.</subfield>
  </datafield>
  <datafield tag="520" ind1=" " ind2=" ">
    <subfield code="a">Este estudio examina la experiencia de cuidadores/as y sus hijos con S&#xED;ndrome X Fr&#xE1;gil que participaron en el programa Funciones Distendidas en 2018. Su objetivo es identificar los elementos culturales de la discapacidad desde la perspectiva de las cuidadoras/es y entender los factores que facilitan o dificultan la participaci&#xF3;n de la diada en actividades art&#xED;stico-culturales. La investigaci&#xF3;n analiza los h&#xE1;bitos actuales de consumo cultural del grupo y los preconceptos que afectan su participaci&#xF3;n. Te&#xF3;ricamente se incluir&#xE1; una revisi&#xF3;n hist&#xF3;rica de la discapacidad, propuestas sobre identidad y discapacidad, y el estado actual de las pol&#xED;ticas culturales de desarrollo de p&#xFA;blicos. La presentaci&#xF3;n de resultados versar&#xE1; en las entrevistas realizadas a miembros de la Corporaci&#xF3;n X Fr&#xE1;gil, cuidadoras de personas que tienen el s&#xED;ndrome. El an&#xE1;lisis de datos, basado en el an&#xE1;lisis de discurso, llevar&#xE1; a propuestas para mejorar la inclusi&#xF3;n social y cultural de personas con discapacidad y sus cuidadores en el &#xE1;mbito art&#xED;stico.</subfield>
  </datafield>
  <datafield tag="650" ind1=" " ind2="0">
    <subfield code="a">Discapacidades</subfield>
    <subfield code="x">Investigaciones</subfield>
    <subfield code="z">Chile</subfield>
    <subfield code="9">16544</subfield>
  </datafield>
  <datafield tag="650" ind1=" " ind2="0">
    <subfield code="a">Cuidadores familiares</subfield>
    <subfield code="9">3198</subfield>
  </datafield>
  <datafield tag="700" ind1=" " ind2=" ">
    <subfield code="a">Cienfuegos Illanes, Javiera</subfield>
    <subfield code="9">3449</subfield>
    <subfield code="e">profesora gu&#xED;a</subfield>
  </datafield>
  <datafield tag="900" ind1=" " ind2=" ">
    <subfield code="a">TMAN 39</subfield>
  </datafield>
  <datafield tag="942" ind1=" " ind2=" ">
    <subfield code="c">TS</subfield>
    <subfield code="2">ddc</subfield>
  </datafield>
  <datafield tag="999" ind1=" " ind2=" ">
    <subfield code="c">63670</subfield>
    <subfield code="d">63670</subfield>
  </datafield>
  <datafield tag="952" ind1=" " ind2=" ">
    <subfield code="0">0</subfield>
    <subfield code="1">0</subfield>
    <subfield code="2">ddc</subfield>
    <subfield code="4">0</subfield>
    <subfield code="7">0</subfield>
    <subfield code="8">COMP</subfield>
    <subfield code="B">MANT</subfield>
    <subfield code="a">BC</subfield>
    <subfield code="b">BC</subfield>
    <subfield code="c">Digital</subfield>
    <subfield code="d">2026-05-04</subfield>
    <subfield code="l">0</subfield>
    <subfield code="o">TMAN 39</subfield>
    <subfield code="r">2026-05-04 16:40:28</subfield>
    <subfield code="w">2026-05-04</subfield>
    <subfield code="y">TS</subfield>
    <subfield code="z">Documento en PDF</subfield>
  </datafield>
</record>
